| 000 | 00683nam a2200193 i 4500 | ||
|---|---|---|---|
| 001 | 134442 | ||
| 003 | ES-MaACL | ||
| 005 | 20230906194655.0 | ||
| 007 | t| | ||
| 008 | 070910s1962 sp ||||1| spa d | ||
| 100 | 1 |
_aQuentin, Patrick. _994521 |
|
| 245 | 1 | 0 |
_aNovelas escogidas / _cQuentin Patrick [seud. col.]. |
| 260 |
_aMadrid : _bAguilar, _c[1962] |
||
| 300 |
_a1193 p. : _b1 retr. de Wheeler ; _c18 cm. |
||
| 505 | 8 | _aContiene: Trío fúnebre. Verdes crecen los juncos. El Círculo escarlata, Muerte, mis queridas hijas. Muerte para la querida Clara | |
| 700 | 1 |
_aWheeler, Hugh. _9116618 |
|
| 700 | 1 |
_aWebb, Richard Wilson. _9116242 |
|
| 852 |
_aES-MaACL _jC-23282 _bR.51733 |
||
| 999 |
_c134442 _d134442 |
||